000 01092nam a22003017c 4500
003 EG-GICUC
005 20260121101355.0
008 251127s1929 uk ||||fr|||| 001 0 eng d
040 _aEG-GiCUC
_beng
_cEG-GiCUC
_dEG-GiCUC
_erda
041 _aeng
082 0 4 _221
_a341.22
_bC O . L
092 0 4 _221
099 _aLaw1 11 341.22 C O . L 1929
100 1 _aConwell‑Evans, T. P
_eAuthor.
245 1 4 _aThe League Council in Action :
_ba study of the methods employed by the Council of the League of Nations to prevent war and to settle international disputes /
_cT. P. Conwell‑Evans.
264 1 _aLondon :
_bOxford University Press (H. Milford),
_c1929.
300 _a291 pages ;
_c24 cm.
336 _2rda content
_atext
337 _2rda media
_aComputer
338 _2rda carrier
_aOnline Resource
504 _aIncludes bibliographical references.
546 _aText in English
650 1 _aLeague of Nations
_xPublic international law
651 1 _2qrmak
856 4 0 _uhttps://fll.law.cu.edu.eg/fulltext/bks/B11-05966.pdf
905 _a75
_eYara
942 _2ddc
_cBK
_e21
_n0
999 _c46661
_d46661